[Event "CRO-chT4A Center"]
[Site "Zagreb"]
[Date "2010.03.21"]
[Round "1.42"]
[White "Zelenika, Zoran"]
[Black "Materni, Anton"]
[Result "0-1"]
[WhiteElo "2025"]
[BlackElo "2087"]
[PlyCount "104"]
[EventDate "2010.03.21"]
[EventType "team-tourn"]
[EventRounds "11"]
[EventCountry "CRO"]
[SourceTitle "EXT 2012"]
[Source "ChessBase"]
[SourceDate "2011.11.24"]
[SourceVersion "1"]
[SourceVersionDate "2011.11.24"]
[SourceQuality "1"]

1. Nf3 d5 2. g3 Nf6 3. Bg2 Nbd7 4. d4 e6 5. 0-0 Bd6 6. Nbd2 c5 7. c4 0-0 8. dxc5 Nxc5 9. b4 Nce4 10. c5 Be7 11. Bb2 Nxd2 12. Nxd2 a5 13. a3 Bd7 14. Nb3 axb4 15. axb4 Bb5 16. Re1 Rxa1 17. Qxa1 Qa8 18. Nd4 Bc4 19. Qc1 Qa6 20. Qc3 Qa7 21. Ra1 Qb8 22. e4 Rd8 23. f4 Bf8 24. e5 Ne8 25. Ra5 g6 26. g4 Rc8 27. Ra3 Bh6 28. Qg3 Bg7 29. g5 h6 30. gxh6 Bxh6 31. Qh4 Bg7 32. Bh3 Nc7 33. Ra5 Re8 34. b5 Nxb5 35. Nxb5 b6 36. Nd6 bxa5 37. Qf2 Re7 38. Qd4 Rc7 39. Bc3 Qa7 40. Qf2 Qa8 41. Nxc4 dxc4 42. Bg2 Qa6 43. c6 Rxc6 44. Bxc6 Qxc6 45. Qa7 Bf8 46. Qb8 Kg7 47. Kf2 Bc5+ 48. Kg3 Qe4 49. Qb2 Be3 50. f5 gxf5 51. h3 f4+ 52. Kh2 f3 0-1